000 00494nam a2200181Ia 4500
001 19359
005 20260306172647.0
008 260306t2005||||xx |||||||||||||| ||spa||
041 _aESP
082 _a658.83420985
_bA69
100 _aArellano Cueva, Rolando
_eAUT
245 0 _aLos estilos de vida en el Perú:
_bcómo somos y pensamos los peruanos del siglo XXI
260 _c2005
300 _av, 209 páginas :
_c22 cm.
650 _aGEN
654 _aCAN
942 _cLIB
_dJUS
_fJUS
_2ddc
_n
999 _c19359
_d19359